000 00635cam a2200229 4500
008 000000n2000 000 0 eng u
020 _a1860814093
035 _a(Sirsi) u107984
050 _a690
100 _aKempster, J.A.
110 _aBuilding Research Establishment
245 _aLow-solvent primers: performance in construction steelwork.
260 _aLondon
_bCRC Ltd
_c2000
300 _a6p. ; 30cm.
490 _aInformation Paper
_v16/00
650 _aCORROSION INHIBITORS
650 _aPRIMERS
650 _aSOLVENTS
690 _aBUILT ENVIRONMENT-BUILDING MATERIALS
700 _aBoxall, J.
942 _n0
999 _c100747
_d100747